Statistics for Guess the Country by their Domain Name #7

Click here to take the quiz!

General Stats

  • This quiz has been taken 9 times
  • The average score is 19 of 25

Answer Stats

DomainCountry% Correct
.auAustralia
100%
.btBhutan
100%
.boBolivia
100%
.cuCuba
100%
.deGermany
100%
.ghGhana
100%
.huHungary
100%
.roRomania
100%
.thThailand
100%
.usUnited States
100%
.uyUruguay
100%
.gqEquatorial Guinea
83%
.erEritrea
83%
.jmJamaica
83%
.qaQatar
83%
.esSpain
83%
.hrCroatia
67%
.muMaldives
67%
.ptPortugal
67%
.saSaudi Arabia
67%
.lbLebanon
50%
.cuCape Verde
33%
.tlEast Timor
33%
.maMorocco
17%
.lkSri Lanka
17%

Score Distribution

Percentile by Number Answered

Percent of People with Each Score

Your Score History

You have not taken this quiz